02024 a2200229 45000010006000000050017000060080041000230030015000640400040000790800037001192450104001562640033002603000019002935051247003120410008015599420007015675900036015741000036016107000019016469990015016659520114016805776620260407155837.0260407a1998 arg spa dAR-UNSa-BCEJYS aAR-UNSa-BCEJYSbspacAR-UNSa-BCEJYS a336.2:323.17xFederalismo Fiscal10aCoparticipación federal de impuestospDel federalismo coercitivo al federalismo de concertación 1aBuenos Aires :b[s.n.]c1998 a254 p.c21 cm. aParte I. Capítulos: 1. Gastos y recursos del Sector Público – 2. Conceptos básicos de coparticipación federal de impuestos – 3. Masa coparticipable – 4. Distribución primaria – 5. Distribución secundaria – 6. Fondos de recursos con destinos especiales – 7. La perspectiva de la Provincia de Córdoba – Parte II. Proyectos de ley: 1. Financiamiento por la Nación del costo de la transferencia de servicios educativos, de salud y sociales a las Provincias – 2. Compensación a las Provincias que no han transferido sus cajas de jubilaciones y pensiones por soportar el déficit de las cajas de jubilaciones y pensiones provinciales efectivamente transferidas – 3. Eliminación del Fondo del Conurbano Bonaerense y reformulación de la distribución de los recursos del impuesto a las ganancias que se asignan al Fondo del Conurbano Bonaerense, al excedente del Fondo del Conurbano Bonaerense y según el índice de necesidades básicas insatisfechas – 4. Distribución equitativa del Fondo Nacional de la Vivienda - 5. Reducción de los recursos asignados al Fondo de los Aportes del Tesoro Nacional a las Provincias - 6. Proyecto de ley de coparticipación federal de impuestos - Parte III. Anexos aspa cBK aniveau_biblio:m niveau_hierar:01 aCafferata Nores, José Ignacio1 aPorto, Natalia c6278d6278 00104070aBCEJYSbBCEJYSc16d2026-04-07l0o336.2:323.17 C129pL128860r2026-04-07 15:58:37w2026-04-07yL